Historia moderna y contemporánea /
Guardado en:
| Autor Principal: | |
|---|---|
| Formato: | Libro |
| Publicado: |
Buenos Aires :
Estrada,
1965
|
| Edición: | 5a. ed. |
| Materias: | |
| Etiquetas: |
Agregar Etiqueta
Sin Etiquetas, Sea el primero en etiquetar este registro!
|
| LEADER | 01783nam a22002295a 4500 | ||
|---|---|---|---|
| 001 | CEM.cems009105 | ||
| 005 | 20090415091300.0 | ||
| 008 | 130507s1965##################000#0#####d | ||
| 003 | CEMS | ||
| 082 | 0 | 4 | |a 940.2 |
| 100 | 1 | |a Romero, José Luis | |
| 245 | 1 | 0 | |a Historia moderna y contemporánea / |c José Luis Romero |
| 250 | |a 5a. ed. | ||
| 260 | |a Buenos Aires : |b Estrada, |c 1965 | ||
| 300 | |a 335 p. | ||
| 500 | |a Para segundo año del Ciclo Básico y de las Escuelas Nacionales de Comercio | ||
| 505 | 0 | |a La aurora de la Edad Moderna (Siglo XV) -- Los descubrimientos geográficos -- La cultura del renacimiento -- La reforma religiosa (Siglo XVI) -- La conquista de América -- La época de Carlos V -- La preponderancia española en Europa -- Hacia el equilibrio európeo. El siglo XVII en Alemania y Francia -- Hacia el equilibrio europeo. El siglo XVII en España e Inglaterra -- Hacia el equilibrio europeo. Holanda, Rusia y Prusia -- La preponderancia francesa, Luis XIV -- Las ideas políticas, económicas y sociales en el siglo XVIII --- El despotismo ilustrado en Europa -- La independencia de los Estados Unidos (Siglos XVI y XVIII) -- La revolución francesa -- La época de Napoleón -- La restauración absolutista. La monarquía constitucional en Inglaterra -- Europa en la primera mitad del siglo XIX -- La Inglaterra victoriana y el segundo imperio francés -- Italia y Alemania en la segunda mitad del siglo XIX -- La paz armada -- La civilización contemporánea y la Primera Guerra Mundial -- Las ciencias y las artes desde mediados del siglo XIX -- La Segunda Guerra Mundial | |
| 653 | |a Historia | ||
| 653 | |a Historia-2º año | ||
| 653 | |a Historia contemporánea | ||
| 653 | |a Historia moderna | ||
| 859 | |a CEMS |b BIB. CEMS - 11 de abril |h 940.2 |i R664a5 |p 18720.95 |t Ej.1 | ||
